LEADER 01242nam a22002057a 4500
082 |a 894.M301  |b VKN/P L9 
100 |a വി കെ എന്‍;  |9 43624 
100 |a V K N  |9 3985 
240 |a Payyankathakal 
245 |a പയ്യന്‍കഥകള്‍ 
250 |a 1st 
260 |a Kottayam;  |b Sahitya Pravarthaka Co-operative Society Ltd.;  |c 1979 
300 |a 540p. 
500 |a 1982 ലെ സാഹിത്യ അക്കാദമി അവാര്‍ഡ് 
650 |a മലയാളം; മലയാളം സാഹിത്യം; മലയാളം ചെറുകഥകള്‍; വടക്കേ കുട്ടാലെ നാരായണന്‍കുട്ടി നായര്‍  |9 43394 
650 |a Malayalam; Malayalam Literature; Malayalam Short Stories; 1982- Sahitya Akademi Award; Vadakke Kuttale Narayanankutty Nair  |9 43625 
942 |c BK 
999 |c 34295  |d 34295 
952 |0 0  |1 0  |4 0  |6 894_000000000000000_M301_VKN_P_L9  |7 0  |8 STO  |9 38097  |a MAL  |b MAL  |d 2015-05-26  |e 31344  |g 45.00  |l 0  |o 894.M301 VKN/P L9  |p MAL031344  |r 2015-05-26  |t 1  |w 2015-05-26  |y BK 
952 |0 0  |1 0  |4 0  |6 894_000000000000000_M301_VKN_P_L91  |7 0  |8 STO  |9 38098  |a MAL  |b MAL  |d 2015-05-26  |e 31345  |g 45.00  |l 0  |o 894.M301 VKN/P L9;1  |p MAL031345  |r 2015-05-26  |t 2  |w 2015-05-26  |y BK